[Event "EU-chT (Men) 12th"]
[Site "Batumi"]
[Date "1999.12.03"]
[Round "5.2"]
[White "Volkov, Sergey"]
[Black "Dautov, Rustem"]
[Result "1/2-1/2"]
[WhiteElo "2575"]
[BlackElo "2597"]
[Annotator "Dautov,R"]
[PlyCount "138"]
[EventDate "1999.11.06"]
[EventType "team-swiss"]
[EventRounds "9"]
[EventCountry "GEO"]
[SourceTitle "CBM 074"]
[Source "ChessBase"]
[SourceDate "2000.02.01"]
[SourceVersion "1"]
[SourceVersionDate "2000.02.01"]
[SourceQuality "1"]
[WhiteTeam "Russia"]
[BlackTeam "Germany"]
[WhiteTeamCountry "RUS"]
[BlackTeamCountry "GER"]

1. d4 Nf6 2. c4 e6 3. Nc3 Bb4 4. f3 d5 5. a3 Bxc3+ 6. bxc3 c6 7. e4 $1 {
Eine neue Idee. Weiß opfert einen Bauern für die schnelle Entwicklung.} dxe4 8.
fxe4 e5 $1 (8... Nxe4 $2 9. Qg4) (8... Qa5 $2 9. e5 Qxc3+ 10. Bd2 Qxd4 11. exf6
Qh4+ 12. g3 Qe4+ 13. Kf2 Qxh1 14. Nf3 gxf6 15. Be1 $18 {/\Bg2}) 9. Nf3 Qa5 10.
Qd3 exd4 {Es gab zwei Alternativen:} (10... Nxe4 $5 11. Qxe4 Qxc3+ 12. Kf2 Qxa1
13. Qxe5+ Be6 14. Qxg7 Rf8 15. Be2 Nd7 16. Rd1 O-O-O 17. Bg5 Qb2 $1 (17... Qxa3
$2 18. d5 $1 Rg8 19. Qd4 $36) 18. Bxd8 Rxd8 $11) (10... O-O 11. Bd2 (11. Nxe5
$6 Nxe4) 11... Nbd7 12. Be2 b6 13. O-O Ba6 14. Bg5 $14) 11. Bd2 $1 dxc3 12.
Bxc3 Qd8 (12... Qc7 $5) 13. Qxd8+ Kxd8 14. O-O-O+ {In dieser Stellung endete
die Partie Volkov-Rashkovsky/Biel 1999 mit einem Remisschluß. Dieses verfrühte
Ergebnis gab mir Grund zu der Annahme, daß Volkov die Variante nicht erneut
spielen wird. Falsch gedacht! Mein Gegner schien die Stellung ausführlich
analysiert zu haben und machte seine nächsten Züge a tempo.} Ke7 (14... Ke8 $5)
15. Bb4+ Ke8 16. Bd3 $44 Na6 17. Bd6 Nd7 $1 {Dieses Manöver ist stark. Der Nf6
entkommt der dauernden Drohung e4-e5 und wird auf ein sicheres Feld c5
überführt.} (17... Be6 18. c5 Nd7 19. Bxa6 bxa6 20. Nd4 $36) 18. Rhe1 Ndc5 19.
Bc2 $1 {Weiß opfert den zweiten Bauern, um seine Stellung maximal zu
verstärken.} ({Dagegen war} 19. Bf1 {ungefährlicher für Schwarz:} Be6 20. Nd4 (
20. e5 Rd8 {/\Rd7, Kd8-c8}) 20... f6 $1 21. e5 f5 22. g3 Kf7 $15) 19... Be6 20.
Nd4 $1 Bxc4 (20... f6 $2 21. e5 $16) (20... Rd8 $5 21. Nf5 Rg8 22. e5 Rd7 $13)
21. Nf5 Ne6 $8 (21... Rg8 $4 22. Bxc5 Nxc5 23. Nd6+ $18) 22. a4 $1 {/\Ba3,Nd6}
b5 $1 (22... Rd8 $2 23. Ba3 Rd7 24. Nd6+ Rxd6 25. Rxd6 $16) 23. axb5 (23. Ba3
b4 24. Bb2 Ba2 $17) 23... cxb5 24. e5 Nac5 25. Kb2 $1 {Weiß plant, den
schwarzen Bc4 mittels Ne3 abzutauschen und in die gegnerische Stellung auf dem
Damenflügel einzudringen.} a5 {Hier unterschätzte ich die Gefahr.} (25... Rc8
$1 26. Ne7 (26. Ra1 $2 Nd3+ 27. Bxd3 Bxd3 $17) (26. Ne3 $6 Nf4 $1 {><d3} 27.
Nxc4 bxc4 $17) 26... Ra8 (26... Rd8 27. Nc6 Rd7 28. Na5 $1 $44 (28. Ra1 $6 Na4+
)) 27. Nf5 Rc8 $11) 26. Ne3 h5 $2 {Schwarz hat keine Zeit, um den anderen Turm
über die h-Linie ins Spiel zu bringen. Es war noch nicht zu spät für 26...Rc8.}
(26... Rc8 $1 27. Nxc4 bxc4 28. Kc3 (28. Rd5 Nd3+ 29. Bxd3 cxd3 $11) 28... Nd3
(28... Nf4 29. Rd4 $44) 29. Ba4+ (29. Rf1 Nec5) 29... Kd8 30. Rf1 Nec5 31. Bxc5
Rxc5 32. Rxf7 Rc7 33. Rxc7 Kxc7 34. e6 Nc5 $11) 27. Nxc4 bxc4 28. Kc3 Rc8 29.
Rd5 h4 30. Ra1 a4 31. Rxa4 $1 $14 {Brilliant gespielt! Das starke weiße
Läuferpaar ist nicht weniger wert als die schwarzen Figuren Turm und Springer.}
(31. Bxa4+ Nxa4+ 32. Rxa4 Nf4 $132) 31... Nxa4+ 32. Bxa4+ Kd8 33. Bc5+ Kc7 34.
Rd7+ Kb8 35. Bd6+ Ka8 36. Rxf7 Ng5 $1 (36... Rhd8 $2 37. Bc2 $16) 37. Rf4 h3 $2
$138 {><h3 Es ist sehr schwer, solche Stellungen bei knapper Zeit zu
verteidigen.} ({Nach dem korrekten} 37... Ne6 38. Rg4 $1 {/\Rg6} (38. Rf7 Ng5)
(38. Rf1 Rhd8 39. Bc2 Ka7 $11) 38... Rh6 39. Bd7 Rd8 40. Bxe6 (40. Bc6+ Ka7 41.
Rxc4 Rc8 $11) 40... Rxe6 41. Rxg7 Rc8 $14 {hätte Schwarz gute Chancen,
ungeschoren davon zu kommen.}) 38. g3 $16 Ne6 (38... Rhd8 39. Bc2 $16) 39. Rf1
$2 {Auch Weiß unterläuft in der gegnerischen Zeitnot ein Fehler.} (39. Rg4 $1
Rh6 40. Bd7 Rd8 41. Bxe6 Rxe6 42. Rxg7 $16) 39... Nc5 40. Bc2 Rhd8 $2 {Dieser
letzte Zug vor der Zeitkontrolle ist, wie sehr oft, ein schwerer Fehler. Der
schwarze König sollte unbedingt aktiviert werden.} (40... Kb7 $1 41. Rf7+ Kc6
42. Rxg7 (42. Bf5 Kd5 $1 43. Bxc8 Ne4+ 44. Kc2 Rxc8 $11) 42... Kd5 43. Rg4 Nd3
$11) 41. Rf7 g5 (41... Rd7 $2 42. Rxd7 Nxd7 43. Bf5 Rd8 44. Bc7 Rc8 45. Ba5 Rc5
46. Bb4 Rc7 47. Bd6 $18) 42. Rg7 Nd3 43. Rxg5 $18 Kb7 44. Rh5 Rh8 45. Rf5 Kb6
46. Rf6 Nc5 47. g4 $2 {><g4 Übersieht einen Trick, leicht gewann 47.e6.} (47.
e6 $1 Kc6 48. e7 Kd5 49. Bxc5 Kxc5 50. Bg6 $18) 47... Rhg8 48. Bf5 Rc6 49. Rh6
Nb7 $1 $11 {Einen solchen Zug kann man leicht übersehen. Wegen der Schwächung
g3-g4 sind alle entstehenden Turmendspiele remislich.} 50. Bd7 Nxd6 51. Bxc6 (
51. exd6 Kc5 52. Bxc6 Kxc6 53. Rxh3 Rxg4 $11) 51... Kxc6 52. Rxd6+ Kc5 53. Rd4
Rf8 $6 (53... Ra8 $1 54. Re4 Kd5 $11) 54. Re4 Kd5 (54... Rf3+ $2 55. Kd2 Kd5
56. e6 Kxe4 57. e7 $18) 55. Re3 Ra8 56. Kb2 Rb8+ 57. Kc2 Rg8 $2 {Unglaublich!
Ich sah nicht den einfachen Remisweg 57...Rb3! Zum Glück bleibt die Stellung
trotzdem remislich.} (57... Rb3 $1 58. Re1 Ke6 $11) 58. e6 Kd6 59. e7 Kd7 60.
Kc3 (60. e8=Q+ Rxe8 61. Rxe8 Kxe8 62. Kc3 Kf7 63. Kxc4 Kf6 $11) 60... Ke8 61.
Re4 Rg6 62. Kxc4 Rd6 (62... Rf6 63. Kd5 Rf2 64. Ke6 Rxh2 65. g5 Rg2 66. Rh4
Re2+ 67. Kf6 Rf2+ 68. Kg7 h2 69. g6 Rg2 $1 (69... Kxe7 $2 70. Kh8 Rg2 71. g7
Kf7 72. Rh7 $18) 70. Kh7 (70. Kf6 Rf2+ $11) 70... Kxe7 71. g7 Kf7 $11) 63. Rd4
(63. Re2 Rg6 $11) (63. Kc5 Rd2 $11) 63... Rf6 64. Kd5 Rf2 65. Ke6 Rf6+ $1 66.
Ke5 Rf2 67. g5 Kxe7 68. Rh4 Rxh2 69. Kf5 Kf7 1/2-1/2

[Event "Bad Lauterberg Bohemia"]
[Site "Bad Lauterberg"]
[Date "1991.11.10"]
[Round "6"]
[White "Soffer, Ram"]
[Black "Romanishin, Oleg M"]
[Result "0-1"]
[WhiteElo "2450"]
[BlackElo "2600"]
[Annotator "Dautov,R"]
[PlyCount "74"]
[EventDate "1991.11.05"]
[EventType "tourn"]
[EventRounds "11"]
[EventCountry "GER"]
[EventCategory "10"]
[SourceTitle "CBM 027"]
[Source "ChessBase"]
[SourceDate "1992.04.01"]
[SourceVersion "1"]
[SourceVersionDate "1992.04.01"]
[SourceQuality "1"]

1. d4 Nf6 2. c4 e6 3. Nc3 Bb4 4. f3 c5 5. d5 Nh5 6. g3 (6. Nh3 Qh4+ 7. Nf2 Qxc4
8. e4 (8. Bd2 Bxc3 9. Bxc3 Qxd5 10. Ne4 Qxd1+ 11. Rxd1 f5 12. Nxc5 b6 $17) 8...
Bxc3+ 9. bxc3 Qxc3+ 10. Bd2 $44) 6... f5 7. e4 (7. dxe6 Bxc3+ 8. bxc3 dxe6 9.
Qxd8+ Kxd8 10. Nh3 Nc6 11. e4 fxe4 12. Ng5 Kc7 $13) (7. Bg2 Nf6 8. f4 $2 Bxc3+
9. bxc3 O-O 10. Nf3 d6 11. O-O Qe7 12. Rb1 Nbd7 $15) (7. Nh3 Bxc3+ 8. bxc3 e5 (
8... Qf6 9. Bd2 O-O 10. Bg2 d6 11. O-O Qg6 12. e4 fxe4 13. fxe4 Rxf1+ 14. Qxf1
e5 15. Ng5 $14 {van der Sterren-Timman,Niederland 1978}) 9. e4 f4 10. d6 Nc6
11. Qd5 b6 12. gxf4 Qh4+ 13. Kd1 Nf6 14. Qd3 Ba6 $13 {Sines-Dizdar,Jug(ch) 1982
}) 7... O-O (7... Bxc3+ 8. bxc3 f4 (8... Qf6 $2 9. f4 Nxg3 10. hxg3 Qxc3+ 11.
Bd2 Qxg3+ 12. Ke2 fxe4 13. Qb3 $16) 9. dxe6 Qf6 (9... fxg3 10. Qd5 $1 $16) 10.
Ne2 fxg3 11. Bg2 gxh2 12. Rxh2 g6 13. exd7+ Bxd7 14. Qd5 Nc6 15. Bg5 Qe5 16. f4
Qg7 17. Rd1 h6 18. Rxh5 gxh5 19. Bf6 Qxf6 20. Qxd7+ Kf8 21. e5 $16 {
Moskalenko-Novikov,I,Lvov 1988}) 8. e5 $1 (8. Nh3 Bxc3+ 9. bxc3 d6 10. Bg2 $14)
8... Bxc3+ 9. bxc3 f4 10. Ne2 d6 11. Nxf4 Nxf4 12. Bxf4 dxe5 13. Bxe5 Nd7 14.
Bd6 (14. Bf4 Qf6 $2 15. Kf2 Qxc3 16. dxe6 $16) (14. Bf4 Rxf4 15. gxf4 Qh4+ 16.
Ke2 Qxf4 (16... Nf6 17. Qd2 exd5 18. cxd5 Bf5 19. Re1 $16) 17. dxe6 Qxc4+ 18.
Kd2 (18. Kf2 Qh4+ 19. Kg1 Nf8 $146) 18... Qxe6 19. Qb3 Ne5 $14) (14. Bf4 Nb6 $1
$10 15. d6 $140 Qf6 16. Kf2 e5 17. Be3 Bg4 $36) 14... Re8 15. Bf4 $2 (15. Kf2
$2 e5 16. Bh3 Nf6 17. Be6+ Bxe6 18. dxe6 Rxe6 19. Bxc5 Qc7 $17) (15. dxe6 $1
Rxe6+ 16. Kf2 Qf6 17. Bf4 Qxc3 18. Rc1 Qf6 19. Bh3 Re8 20. Qd5+ Qf7 21. Bxd7
Bxd7 22. Qxb7 $16) 15... Qf6 16. Kf2 Qxc3 17. Rc1 Qf6 18. dxe6 Nf8 $1 $10 19.
Bg2 $2 (19. Bd3 Bxe6 20. Qc2 Rad8 21. Rhd1 Ng6 22. Bxg6 Qxg6 (22... hxg6 23. h4
$10) 23. Qxg6 hxg6 24. a4 Rxd1 25. Rxd1 Bxc4 26. Rd7 $10) 19... Bxe6 20. Be3
Rad8 21. Qb3 Nd7 $1 $17 {><d3} 22. Rhd1 Ne5 $5 (22... b6 $1 23. Kg1 Ne5 $17)
23. Bxc5 (23. Kg1 Nxf3+ 24. Bxf3 Qxf3 25. Bxc5 Qc6 26. Bxa7 Bh3 27. Qc2 Rxd1+
28. Rxd1 Qf3 $19) 23... Rxd1 (23... b6 24. Bd4 $8 Ng4+ 25. Kg1 Rxd4 26. fxg4
$10) 24. Rxd1 Bxc4 25. Qa4 $2 (25. Qxb7 Nd3+ 26. Rxd3 Bxd3 27. Qd5+ Kh8 28.
Qxd3 Qb2+ 29. Kg1 Qc1+ $19) (25. Qa3 Nd3+ 26. Kg1 b6 27. Bf2 Nxf2 28. Kxf2 Re2+
29. Kg1 Rxa2 $17) (25. Qc2 $1 $8 Qe6 26. Kg1 Bxa2 $15) 25... b5 26. Qxa7 (26.
Qa3 Nd3+ 27. Kg1 Qe5 28. Bxa7 Qe2 29. Rf1 Ne1 30. Rf2 (30. Bh3 Qd2 31. Rf2 Qd1)
30... Qd1 31. Bf1 Nd3 $19) 26... Be2 $3 $19 27. Rd4 (27. Kxe2 Nc6+ $19) 27...
Bxf3 28. Rf4 Nd3+ 29. Kxf3 Ne1+ 30. Kg4 Qe6+ 31. Rf5 Nxg2 32. Bd4 h5+ 33. Kh3
Qxf5+ 34. Kxg2 Re2+ 35. Bf2 Qd5+ 36. Kg1 Rxa2 37. Qb8+ Kh7 0-1

[Event "Altensteig"]
[Site "Altensteig"]
[Date "1994.??.??"]
[Round "10"]
[White "Zvjaginsev, Vadim"]
[Black "Almasi, Zoltan"]
[Result "1-0"]
[WhiteElo "2585"]
[BlackElo "2620"]
[Annotator "Dautov,R"]
[PlyCount "41"]
[EventDate "1994.08.??"]
[EventType "tourn"]
[EventRounds "11"]
[EventCountry "GER"]
[EventCategory "12"]
[SourceTitle "CBM 043"]
[Source "ChessBase"]
[SourceDate "1994.12.01"]
[SourceVersion "1"]
[SourceVersionDate "1994.12.01"]
[SourceQuality "1"]

1. d4 Nf6 2. c4 e6 3. Nc3 Bb4 4. Nf3 c5 5. g3 cxd4 6. Nxd4 O-O 7. Bg2 d5 8.
cxd5 Nxd5 9. Qb3 Qb6 (9... Nc6 10. Nxc6 bxc6 11. O-O Rb8 12. e4 Nxc3 13. bxc3
Bd6 14. Qa4 Qc7 15. Be3 c5 16. Rfd1 Bd7 17. Qc2 e5 18. Bf1 Be6 19. Qa4 $14 {
Zvjaginsev-Romanov/URS-chJ/1991}) (9... Na6 10. O-O Nxc3 11. bxc3 Be7 12. Rd1
Nc5 13. Qc4 e5 (13... Bd7 14. Be3 Rc8 15. Nc6 Bxc6 16. Rxd8 Rfxd8 17. Bxc6 Rxc6
18. Qb5 $14) 14. Ba3 Qa5 15. Qb4 (15. Nb5 $5 a6 16. Bxc5 axb5 17. Qb4 Qxb4 18.
cxb4 Bxc5 19. bxc5 $14 {Zvjaginsev}) 15... Qxb4 16. Bxb4 a5 17. Ba3 Bg4 18. f3
Bd7 19. Nb3 Nxb3 20. Bxe7 Nxa1 21. Rxd7 $44 {Zvjaginsev-Solozhenkin/Sankt
Peterburg/1993/}) 10. Bxd5 $1 $146 (10. e3 Nc6 11. Nxc6 bxc6 {Hort-Kindermann/
Dortmund/1985} 12. O-O Ba6 13. Rd1 Rab8 14. Bd2 Qa5 15. Qc2 $10 {Hort}) 10...
exd5 11. Be3 Qa5 12. Rc1 Nc6 (12... Bh3 $5 13. a3 Bxc3+ 14. Qxc3 Qxc3+ (14...
Qa6 15. f3 Nd7 16. g4 Rfe8 17. Nf5 Qg6 18. Rg1 $16 {/\Rg3}) 15. Rxc3 Nc6 16.
Nxc6 (16. Kd2 $5) 16... bxc6 17. Kd2 (17. Rxc6 $4 d4 18. Bxd4 Bg2 $19) 17...
Rfb8 18. b3 $14) 13. O-O Nxd4 (13... Bh3 $5 14. Rfd1 Rfd8 15. Nxc6 (15. a3 Bxc3
16. Qxc3 Qxc3 (16... Qa6 17. Nxc6 bxc6 18. Qxc6 Qxe2 19. Rxd5 h6 $44) 17. Rxc3
Nxd4 18. Bxd4 Bd7 19. Rc7 Bc6 20. Rd3 $14) 15... bxc6 16. Na4 Rab8 17. Qc2 Bf8
18. a3 $14 {/\Bc5}) (13... Be6 14. a3 Bxc3 15. Qxc3 $14) 14. Bxd4 Bh3 15. Rfd1
Bxc3 16. Rxc3 Qa6 $4 (16... Be6 17. Qxb7 Qxa2 (17... Rab8 $2 18. Qc7 $16 Qxa2
$2 19. Qe5 $18) 18. Rc6 Rfb8 (18... Rfe8 $2 19. Rxe6 $18) 19. Qc7 $14) 17. g4
$1 $18 Bxg4 18. Rg3 Qxe2 19. f3 f5 (19... h5 20. fxg4 hxg4 21. h3 $18) 20. fxg4
fxg4 21. Rg2 (21. Rg2 Qe6 22. Qxb7 $18) 1-0

[Event "Pamplona 9596 6th"]
[Site "Pamplona"]
[Date "1996.??.??"]
[Round "?"]
[White "Zvjaginsev, Vadim"]
[Black "Ljubojevic, Ljubomir"]
[Result "1/2-1/2"]
[WhiteElo "2600"]
[BlackElo "2600"]
[Annotator "Dautov,R"]
[PlyCount "73"]
[EventDate "1995.12.??"]
[EventType "tourn"]
[EventRounds "9"]
[EventCountry "ESP"]
[EventCategory "13"]
[SourceTitle "CBM 052"]
[Source "ChessBase"]
[SourceDate "1996.06.01"]
[SourceVersion "1"]
[SourceVersionDate "1996.06.01"]
[SourceQuality "1"]

1. d4 Nf6 2. c4 e6 3. Nc3 Bb4 4. Nf3 c5 5. g3 O-O 6. Bg2 cxd4 7. Nxd4 d5 8.
cxd5 Nxd5 9. Qb3 Qa5 10. Bd2 Nc6 11. e3 {N} (11. Nxc6 bxc6 12. O-O Bxc3 13.
Bxc3 Nxc3 14. bxc3 Ba6 $10) (11. Nc2 $6 Bxc3 12. bxc3 Qc7 13. Qa3 Ne5 14. Bxd5
exd5 15. Bf4 f6 16. O-O Qf7 17. Ne3 Bh3 18. Rfd1 g5 $17 {Beliavsky,A-Ivanchuk,
V/Belgrade Invest (06) ;CBM 51 1995}) 11... Qa6 (11... Nxd4 12. exd4 Bd7 (12...
Qb6 13. Rd1) (12... Rd8 13. O-O Nf6 14. a3 Bf8 15. Ne4 Qf5 16. Nxf6+ Qxf6 17.
Bc3 $14) 13. O-O (13. a3 Bc6 14. O-O Nxc3 15. bxc3 Bd6 $10) 13... Ba4 $1 14.
Qxa4 Qxa4 15. Nxa4 Bxd2 $10) 12. Nxc6 (12. Nxd5 Bxd2+ 13. Kxd2 exd5 14. Qc3 Be6
(14... Nxd4 15. Qxd4 Be6 16. Rhc1 Rac8 17. a3 $14) 15. Rhc1 Rac8 $10) (12.
O-O-O $2 Nxd4 13. exd4 Bxc3 14. bxc3 Bd7 $40) 12... bxc6 13. Bxd5 $1 (13. e4
Nxc3 14. Bxc3 Bxc3+ 15. Qxc3 Rb8 {עe1}) (13. O-O-O $6 Nxc3 14. Bxc3 Bxc3 15.
bxc3 e5 $40) 13... Bxc3 14. Bc4 Bxd2+ 15. Kxd2 Qa5+ 16. Ke2 Qh5+ (16... Ba6 17.
Bxa6 Qxa6+ 18. Qd3 Qb7 19. b3 Rfd8 20. Qc4 $14) 17. f3 e5 18. e4 Qh3 19. Kf2
Be6 20. Bf1 (20. Bxe6 fxe6 21. Rad1 Rad8 22. Rxd8 (22. Rd3 c5 {/\Rd4}) 22...
Rxd8 23. Qc3 (23. Qe3 h6 24. Qc3 Kh7 $10) 23... Qh6 24. Ke2 Qh3 25. Kf2 $10)
20... Qh5 (20... Qxf1+ 21. Rhxf1 Bxb3 22. axb3 Rab8 23. Ra3 Rb6 24. Rd1 Rfb8
25. Rd3 a6 $10) 21. Qc3 Rad8 22. Bg2 f5 23. exf5 (23. Qxe5 $2 Rd2+ 24. Kg1 (24.
Ke1 $2 Qh6 25. exf5 Rxf5 $19) 24... Qh6 (24... Qf7 25. f4 fxe4 26. Bxe4 Bd5 $40
) 25. f4 fxe4 26. Bxe4 Qh3 $40) 23... Qxf5 24. Rhd1 (24. Rhe1 $2 Rd3 25. Qxe5 (
25. Qxc6 Bd5 $19) 25... Rd2+ 26. Kg1 Rxg2+ 27. Kxg2 Qxf3+ 28. Kg1 Qf2+ 29. Kh1
Bd5+ $19) 24... Bd5 25. Kg1 Rde8 26. Re1 $6 (26. Rf1 $142 {/\Rae1-e3}) 26...
Bxf3 27. Qb3+ Rf7 (27... Kh8 28. Bxf3 Qxf3 29. Qxf3 Rxf3 30. Rac1 Rf6 31. Re4
Kg8 32. Rc5 Rfe6 33. Ra5 R8e7 34. b3 Kf7 35. Rea4 $10) 28. Bxf3 Qxf3 29. Rxe5
$1 $10 Rxe5 30. Qb8+ Rf8 31. Qxe5 Qf2+ 32. Kh1 Qf3+ 33. Kg1 Qf2+ 34. Kh1 h6 35.
Re1 Qf3+ 36. Kg1 Qf2+ 37. Kh1 1/2-1/2

[Event "YUG-ch"]
[Site "Tivat"]
[Date "1994.??.??"]
[Round "1"]
[White "Ilincic, Zlatko"]
[Black "Abramovic, Bosko"]
[Result "0-1"]
[WhiteElo "2530"]
[BlackElo "2500"]
[Annotator "Dautov,R"]
[PlyCount "75"]
[EventDate "1994.03.??"]
[EventType "tourn"]
[EventRounds "13"]
[EventCountry "YUG"]
[EventCategory "10"]
[SourceTitle "CBM 043"]
[Source "ChessBase"]
[SourceDate "1994.12.01"]
[SourceVersion "1"]
[SourceVersionDate "1994.12.01"]
[SourceQuality "1"]

1. d4 Nf6 2. c4 e6 3. Nc3 Bb4 4. f3 d5 5. a3 Bxc3+ 6. bxc3 c6 $5 7. e3 O-O 8.
Bd3 (8. Nh3 b6 9. cxd5 cxd5 10. a4 Qc7 11. Bd2 Ba6 12. Bxa6 Nxa6 13. Qe2 Nb8
14. O-O Nbd7 15. e4 e5 16. Nf2 Rfe8 17. Rfe1 Rac8 $10 {Bareev-Rozentalis/
URS-ch/1990}) 8... b6 9. Nh3 (9. e4 $5 dxe4 10. fxe4 Nxe4 11. Nf3 Nf6 (11... f5
$5) (11... Nd6 $5) 12. Bg5 Nbd7 13. Ne5 $44) 9... Ba6 10. Qe2 (10. cxd5 $5 cxd5
11. e4 Qc7 (11... Bxd3 12. Qxd3 dxe4 13. fxe4 Nbd7 14. Qf3 Rc8 15. O-O Qc7 16.
Bd2 $13) 12. Bxa6 Nxa6 13. e5 Nd7 14. Qd3 Rac8 15. Bd2 Qc4 $10) 10... Nbd7 11.
O-O e5 {/\e4} 12. Nf2 Re8 13. cxd5 $6 (13. Bb2 $2 e4 14. fxe4 dxe4 15. Bc2 Rc8
$15 {/\c5}) (13. e4 $1 h6 (13... dxe4 14. fxe4 c5 (14... Nf8 15. Be3 Ne6 16. d5
$14) 15. d5 $14) 14. Be3 exd4 15. cxd4 dxe4 16. fxe4 c5 17. d5 Ne5 $13) 13...
Bxd3 14. Qxd3 cxd5 15. c4 (15. e4 Rc8 16. Bd2 Qc7 $10) 15... dxc4 16. Qxc4 Rc8
17. Qa4 exd4 18. Qxd4 Nc5 19. Qxd8 Rexd8 20. Bb2 $6 (20. e4 Nb3 21. Rb1 Nd2 22.
Bxd2 Rxd2 23. Rfc1 Rcc2 24. Rxc2 Rxc2 25. Rd1 $10) 20... Nd5 21. Rfe1 b5 $15
22. Rab1 a6 23. h4 h6 24. g4 $6 {><f3} (24. Kf1 Nb3) (24. Bd4 Ne6 25. Ba1 Rc2)
24... Nb6 $1 (24... Na4 25. Bd4 Rc2 $15) 25. Bd4 Nc4 26. Bxc5 Rxc5 $17 27. Rbc1
(27. Rb3 $2 Nd2 $19) (27. Ne4 Rcd5 28. a4 bxa4 29. Rb4 Ne5 30. Rf1 Ra5 31. Kg2
a3 32. Ra1 Rd3 $17) 27... Rcc8 $1 28. Ra1 Rd2 29. f4 (29. Kg2 Rc2 $17) 29...
Rc2 30. e4 Rc3 31. a4 b4 $19 32. Rec1 Nd2 33. Rd1 Rc2 34. Nd3 b3 35. Nb4 Nf3+
36. Kf1 Rh2 37. Rab1 b2 38. Nd3 (38. Nd3 Rcc2 $19) 0-1

[Event "YUG-chT"]
[Site "Tivat"]
[Date "1995.??.??"]
[Round "5"]
[White "Miladinovic, Igor"]
[Black "Goldin, Alexander"]
[Result "1/2-1/2"]
[WhiteElo "2555"]
[BlackElo "2585"]
[Annotator "Dolmatov,S"]
[PlyCount "114"]
[EventDate "1995.??.??"]
[EventType "team-swiss"]
[EventRounds "11"]
[EventCountry "YUG"]
[SourceTitle "CBM 048 Extra"]
[Source "ChessBase"]
[SourceDate "1995.11.01"]
[SourceVersion "1"]
[SourceVersionDate "1995.11.01"]
[SourceQuality "1"]

1. d4 Nf6 2. c4 e6 3. Nc3 Bb4 4. g3 O-O (4... c5) 5. Bg2 d6 (5... d5) 6. Nf3
Qe7 (6... Nc6 7. Qb3 Ne4 $2 8. O-O Bxc3 9. bxc3 Na5 10. Qc2 f5 11. c5 $16 {
Romanishin,O-Liljedahl,L/Geteborg/1971/}) 7. Qb3 (7. O-O e5 8. dxe5 dxe5 9. Nd5
Nxd5 10. Qxd5 Nc6 11. Bg5 Qe8 $10) 7... Nc6 8. O-O Bxc3 (8... e5 $6 9. Nd5 Nxd5
10. cxd5 $18) 9. Qxc3 a5 (9... e5 10. d5 Nb8 11. b4 $14) 10. b3 (10. Ne1 $5 e5
11. d5 Nd4 12. Qd2 Bd7 13. e3 Nf5 14. e4 (14. Nc2 $6 e4 15. b3 h5 16. Bb2 h4
$132) 14... Nd4 15. Nc2 c5 16. dxc6 $14) 10... e5 11. dxe5 (11. d5 $5 Nb8 12.
Ne1 Nbd7 13. e4 $14) 11... dxe5 12. Bb2 Re8 13. a3 Ne4 14. Qc2 Nc5 (14... Bf5
$2 15. Nh4) 15. Rad1 Ra6 $6 (15... Bg4 16. h3 Bd7) (15... f6 16. Nh4 g6 17. f4
exf4 18. Rxf4 Ne5) 16. Rd5 f6 17. Bc3 Rb6 18. Rb1 Be6 19. Rdd1 Nd7 20. Bb2 (20.
Qc1 $2 Bf5) 20... Nc5 21. Nd2 $6 Bf7 (21... Rd8 $5) 22. Bd5 Kh8 23. Bxf7 Qxf7
24. Bc3 Qg6 25. Qxg6 hxg6 26. b4 axb4 27. Bxb4 (27. axb4 $2 Na4 $17) 27... Na6
28. Bc3 Rxb1 29. Nxb1 Re7 $6 (29... Kg8 $15 30. Rd7 Re7) 30. Rd5 Kg8 31. Nd2
Kf7 32. Ne4 Nab8 (32... g5 33. Kg2 Ke6 $10) 33. Rb5 Nd8 (33... b6 34. c5 $14)
34. Kg2 Nd7 35. a4 Ke8 (35... Re6) 36. a5 Re6 37. h4 Rc6 38. Nd2 Nc5 39. f4 Na4
(39... e4 40. g4 $14) 40. Ba1 Rd6 41. Nb3 Rd1 42. fxe5 (42. Rb4 Nc5 43. Nxc5
Rxa1 44. fxe5 Rxa5) 42... f5 43. Rb4 (43. e6 $6 Rb1 (43... Nxe6 $2 44. Rxb7
Nec5 45. Nxc5 Nxc5 46. Rb5 $16 (46. Rxc7 $2 Ne6 47. Rc6 Kd7 $17)) 44. Bxg7 c6)
43... Rb1 44. Rxa4 Rxb3 45. a6 bxa6 46. Rxa6 Kf7 $10 47. Ra2 Ne6 48. Rd2 Rb4
49. Rc2 Ra4 50. Bb2 Ra2 51. Rd2 Ke7 52. Kf3 Nc5 53. Bc1 Ra4 54. Rc2 Ne6 55. Be3
Ra5 56. c5 Ra3 57. Kf2 Ra4 1/2-1/2